| 000 | 00435cam a2200169ua 4500 | ||
|---|---|---|---|
| 003 | OSt | ||
| 008 | 250101b |||||||| |||| 00| 0 eng d | ||
| 020 | _a9780131194571 | ||
| 020 | _a0131194577 | ||
| 082 |
_a621.371 _bJOH/PR |
||
| 100 |
_aJohnson, Curtis . _96717 |
||
| 245 | _aProcess control instrumentation technology | ||
| 250 | _a4 / | ||
| 260 |
_a : _bPrenticehall of india Pvt Ltd , _c2001. |
||
| 300 | _a592 ; . | ||
| 942 | _cBK | ||
| 999 |
_c271 _d271 |
||